Forestación en tierras agrícolas

Сохранить в:
Библиографические подробности
Формат: Серия
Предметы:
Метки: Добавить метку
Нет меток, Требуется 1-ая метка записи!

MARC

LEADER 00000nas a22000005a 4500
003 CL-ChBUA
005 20120815091552.0
008 081126c9999 ||||||m|||||||r||||||||
040 |a CL-ChBUA  |c CL-ChBUA 
090 |c 24955  |d 24955 
245 1 0 |a Forestación en tierras agrícolas 
300
650 4 |a FORESTACION 
942 |c SBOL 
952 |0 0  |1 0  |2 ddc  |4 0  |6 NUMERO_000000000000000_1182  |7 0  |9 59458  |a UNACH  |b UNACH  |d 2008-11-27  |i boletin  |l 0  |o Bol. N° 118  |p 60593  |r 2012-08-08 00:00:00  |w 2012-08-08  |y SBOL 
999 |c 24955  |d 24955